书目信息 |
| 题名: |
跟着节日去旅行
|
|
| 作者: | 杨小波 著 | |
| 分册: | 冬季篇 | |
| 出版信息: | 北京 中国盲文出版社 2016.12 |
|
| 页数: | 131页 | |
| 开本: | 24cm | |
| 丛书名: | ||
| 单 册: | ||
| 中图分类: | K891.1-49 | |
| 科图分类: | ||
| 主题词: | 节日--jie ri--风俗习惯--世界--儿童读物 | |
| 电子资源: | ||
| ISBN: | 978-7-5002-7528-2 | |
| 000 | 01308nam0 22002411 450 | |
| 001 | 1759784379 | |
| 005 | 20170603153350.0 | |
| 010 | @a978-7-5002-7528-2@dCNY10.00 | |
| 100 | @a20170111d2016 em y0chiy50 ea | |
| 101 | 0 | @achi |
| 102 | @aCN@b110000 | |
| 105 | @ay z 000yy | |
| 106 | @ar | |
| 200 | 1 | @a跟着节日去旅行@Agen zhao jie ri qu lv hang@e每个节日,都是一次开心的出发!@i冬季篇@e大字版@f杨小波著 |
| 210 | @a北京@c中国盲文出版社@d2016.12 | |
| 215 | @a131页@c图@d24cm | |
| 330 | @a本书引进台湾萤火虫出版社版权,全套四本,按季节分册,分别介绍每个季节中的节日,读者对象为小学低年级儿童,也可作为学龄前儿童的亲子读物。这一本《跟着节日去旅行 冬季篇》主要包含“圣诞节”“腊月”“春节”“元宵节”几个版块的内容,每个节日下设不同单元,有介绍节日来历的掌故传说,有由这个节日衍生出来的原创故事,有和这个节日相关的诗词歌赋,有同一节日世界各地不同的风俗习惯,也会教小朋友亲手制作节日点心、节日礼品等等,内容涵盖丰富,语言生动有趣,配以插图,是一本很好的帮助孩子认识节日、了解节日典故、进行中华传统文化渗透的儿童读物。 | |
| 517 | 1 | @a每个节日,都是一次开心的出发!@Amei ge jie ri ,du shi yi ci kai xin de chu fa ! |
| 606 | @a节日@Ajie ri@x风俗习惯@x世界@j儿童读物 | |
| 690 | @aK891.1-49@v5 | |
| 701 | 0 | @a杨小波@Ayang xiao bo@4著 |
| 801 | 0 | @aCN@bTANGWEI@c20170518 |
| 905 | @b1007628-33@dK891.1-49@e257@f6 | |
| 跟着节日去旅行:每个节日,都是一次开心的出发!.冬季篇:大字版/杨小波著.-北京:中国盲文出版社,2016.12 |
| 131页:图;24cm |
| ISBN 978-7-5002-7528-2:CNY10.00 |
| 本书引进台湾萤火虫出版社版权,全套四本,按季节分册,分别介绍每个季节中的节日,读者对象为小学低年级儿童,也可作为学龄前儿童的亲子读物。这一本《跟着节日去旅行 冬季篇》主要包含“圣诞节”“腊月”“春节”“元宵节”几个版块的内容,每个节日下设不同单元,有介绍节日来历的掌故传说,有由这个节日衍生出来的原创故事,有和这个节日相关的诗词歌赋,有同一节日世界各地不同的风俗习惯,也会教小朋友亲手制作节日点心、节日礼品等等,内容涵盖丰富,语言生动有趣,配以插图,是一本很好的帮助孩子认识节日、了解节日典故、进行中华传统文化渗透的儿童读物。 |
| ● |
| 相关链接 |
|
|
|
|
正题名:跟着节日去旅行
索取号:K891.1-49/257
 
预约/预借
| 序号 | 登录号 | 条形码 | 馆藏地/架位号 | 状态 | 备注 |
| 1 | 1007628 | 210076282 | 第二样本阅览室/ [索取号:K891.1-49/257] | 在馆 | |
| 2 | 1007629 | 210076291 | 教育系资料室/ [索取号:K891.1-49/257] | 在馆 | |
| 3 | 1007630 | 210076308 | 教育系资料室/ [索取号:K891.1-49/257] | 在馆 | |
| 4 | 1007631 | 210076317 | 教育系资料室/ [索取号:K891.1-49/257] | 在馆 | |
| 5 | 1007632 | 210076326 | 第二借阅区/ [索取号:K891.1-49/257] | 在馆 | |
| 6 | 1007633 | 210076335 | 第二借阅区/ [索取号:K891.1-49/257] | 在馆 |